Statistics for Geography Quizhanger #2

Click here to take the quiz!

General Stats

  • This quiz has been taken 267 times
  • The average score is 9 of 13

Answer Stats

ClueAnswer% Correct
US state whose capital is Boise(I)daho
86%
Capital of Madagascar(A)ntananarivo
83%
Mountain range containing the highest peak in Morocco (Toubkal)(A)tlas
82%
State capital of Tennessee(N)ashville
77%
The second most populous city in Pakistan(L)ahore
76%
Finnish name for Finland(S)uomi
73%
Pacific country whose capital is Ngerulmud(P)alau
71%
The largest desert in the world(A)ntarctica
70%
Island containing the two British military bases of Akrotiri and Dhekelia(C)yprus
69%
This country’s flag is the only one in the Caribbean to contain a sun(A)ntigua and Barbuda
65%
Romanised name for Greece in Greek(H)ellas
64%
The capital of Micronesia(P)alikir
63%
MOUNTAIN RANGEAppalachians
55%

Score Distribution

Percentile by Number Answered

Percent of People with Each Score

Your Score History

You have not taken this quiz